Functional analysis and infinite-dimensional geometry

Bibliographic Details
Main Authors: Fabian, Marián (Author), Habala, Petr (Author), Hájek, Petr (Author), Montesinos Santalucía, Vicente (Author), Pelant, Jan, 1950-2005 (Author), Zizler, Václav (Author)
Format: Book
Language:English
PhysicalDescription:ix, 451 s. 24 cm
Published: New York Springer 2001
ISBN:9781441929129
Series:CMS books in mathematics
Subjects:

MARC

LEADER 00000cam a2200000 a 4500
001 vtls011507647
003 SK-MaSNL
005 20260405144936.0
008 180601s2001 xxu f n 001 0 eng
015 |a SNBZSA2016/10 
020 |a 9781441929129  |q (brožované) 
035 |a E54897F4-CD53-4992-A883-8279FDD8F0C1 
035 |a urn:nbn:sk:snk-am3h6bb 
035 |a urn:nbn:sk:snk-am00cnzc 
040 |a SNK  |b slo  |c SNK  |e AACR2 
041 0 |a eng 
044 |a xxu  |c US 
072 7 |a 51  |x Matematika  |2 konspekt 
080 |a 517  |2 2001 
080 |a 51-3  |2 2011 
080 |a (048.8:082)  |2 2011 
245 0 0 |a Functional analysis and infinite-dimensional geometry  |c Marián Fabian, Petr Habala, Petr Hájek, Vicente Montesinos Santalucía, Jan Pelant, Václav Zizler 
260 |a New York  |b Springer  |c 2001 
300 |a ix, 451 s.  |c 24 cm 
490 1 |a CMS books in mathematics  |a Ouvrages de mathématiques de la SMC  |v 8 
504 |a Bibliografia: s. 431-443 ; register 
600 1 7 |a Banach, Stefan,  |d 1892-1945  |2 SNKMA  |9 552626 
650 0 7 |a matematická analýza  |2 SNKPH  |9 1102 
650 0 7 |a Banachove priestory  |2 SNK  |9 552627 
650 0 7 |a matematické výpočty  |2 SNKPH  |9 75006 
650 0 7 |a Mathematical analysis  |2 SNKPHeng  |9 276992 
650 0 7 |a Mathematical calculations  |2 SNKPHeng  |9 121047 
650 0 7 |a funkčná analýza  |2 SNK  |9 552628 
655 7 |a kolektívne monografie  |2 SNKPH  |9 249850 
655 7 |a Collective monographs  |2 SNKPHeng  |9 125747 
700 1 |a Fabian, Marián  |4 aut  |9 9585 
700 1 |a Habala, Petr  |4 aut  |9 552629 
700 1 |a Hájek, Petr  |4 aut  |9 349221 
700 1 |a Montesinos Santalucía, Vicente  |4 aut  |9 552630 
700 1 |a Pelant, Jan,  |d 1950-2005  |4 aut  |9 1636173 
700 1 |a Zizler, Václav  |4 aut  |9 552632 
830 0 |a CMS books in mathematics  |9 552633 
919 |a 978-1-4419-2912-9 
958 |a NB 
958 |a ZS 
999 |c 930573  |d 932503 
952 |a SNK  |b SNK  |y PREZ  |7 0  |p 17A1180931  |o snkSC 168634  |i snk2016/5892  |8 4  |g 83.00  |0 0  |1 0  |4 0  |d 2016-02-24  |f 1  |l 0  |r 2026-02-24 08:46:51  |w 2026-02-24